| 000 | 00585nam a22001937a 4500 | ||
|---|---|---|---|
| 005 | 20251108171120.0 | ||
| 008 | 250721s1998 xx 000 0 ara d | ||
| 082 | 1 | 4 | _aط/ق/شتا |
| 100 | 1 | _aشتاين، ر . ل | |
| 245 | 1 | 0 | _aمنزل الموتى / |
| 264 | 1 |
_aالقاهرة : _bنهضة مصر للطباعة و النشر و التوزيع، _c1998. |
|
| 300 | _a127ص | ||
| 490 | 0 | _aصرخة الرعب | |
| 650 | 1 | 7 | _aأدب الأطفال |
| 650 | 1 | 7 | _aالقصص العربية |
| 700 | 1 |
_aالفقي، نهلة _eترجمة |
|
| 942 |
_2ddc _cBK |
||
| 999 |
_c56982 _d56982 |
||